000 00292nam a2200121Ia 4500
005 20251222143217.0
008 251222s9999||||xx |||||||||||||| ||spa||
082 _a828.82/D73H/1984
100 _aDickens, Charles
245 0 _aHistoria de Dos Ciudades
264 _bOveja Negra
942 _cLIB
999 _c13666
_d13666